Ciudades por país #6 - Estadísticas

Estadísticas generales
  • Esta prueba ha sido intentada 53 veces
  • La puntuación promedio es 61 de 90
Estadísticas de respuestas
Pregunta Azulejo Select % Correcto
Cuba? La Habana
100%
Hungría? Budapest
94%
Venezuela? Caracas
94%
Siria? Damasco
94%
Ucrania? Kiev
94%
Bolivia? La Paz
94%
Cuba? Puerto España No
94%
Irlanda? Dublín
91%
Escocia? Edimburgo
91%
Malasia? Kuala Lumpur
91%
Bolivia? Sucre
91%
Siria? Trípoli No
91%
Venezuela? Maracaibo
87%
Tanzania? Port-Louis No
87%
Ucrania? Sochi No
87%
Bolivia? Cochabamba
85%
Ucrania? Donetsk
85%
Escocia? Glasgow
85%
Tanzania? Moroni No
85%
Escocia? Aberdeen
83%
Siria? Alepo
81%
Irlanda? Swansea No
81%
Bolivia? Cuenca No
79%
Escocia? Donegal No
79%
Ucrania? Odesa
79%
Escocia? Sunderland No
79%
Cuba? Cienfuegos
77%
Bolivia? Ciudad del Este No
77%
Venezuela? Colón No
77%
Irlanda? Cork
77%
Cuba? Guantánamo
77%
Irlanda? Jackson No
77%
Ucrania? Járkov
77%
Cuba? San Miguel No
77%
Tanzania? Zanzíbar
77%
Cuba? Camagüey
74%
Irlanda? Galway
74%
Bolivia? Iquitos No
74%
Bolivia? Santa Cruz
74%
Escocia? Derry No
72%
Tanzania? Dodoma
72%
Ucrania? Lipetsk No
72%
Hungría? Novi Sad No
72%
Escocia? Inverness
70%
Irlanda? Limerick
70%
Cuba? Santa Ana No
70%
Malasia? Denpasar No
68%
Tanzania? Mwanza
68%
Siria? Samsun No
68%
Ucrania? Saratov No
68%
Escocia? Dundee
66%
Siria? Hama
66%
Tanzania? Dar es Salaam
64%
Venezuela? Valencia
64%
Malasia? Phuket No
62%
Siria? Basora No
60%
Malasia? Ipoh
60%
Malasia? Johor Bahru
60%
Hungría? Košice No
60%
Cuba? Santiago
60%
Tanzania? Goma No
57%
Siria? Homs
57%
Bolivia? Oruro
57%
Cuba? Santa Clara
57%
Hungría? Szeged
57%
Venezuela? Barquisimeto
55%
Irlanda? Belfast No
55%
Ucrania? Dnipropetrovsk
55%
Venezuela? Maracay
55%
Hungría? Pécs
55%
Bolivia? Tarija
53%
Hungría? Bregenz No
51%
Venezuela? Cúcuta No
51%
Tanzania? Mbeya
51%
Hungría? Miskolc
51%
Siria? Tartús
51%
Ucrania? Leópolis
49%
Malasia? Malaca
49%
Irlanda? Waterford
47%
Malasia? Bangka Belitung No
45%
Venezuela? Bucaramanga No
45%
Siria? Latakia
45%
Tanzania? Arusha
43%
Hungría? Debrecen
43%
Hungría? Győr
43%
Venezuela? Barcelona
38%
Malasia? Shah Alam
38%
Irlanda? Sligo
38%
Escocia? Falkirk
32%
Malasia? Georgetown
9%
No se encontraron pruebas coincidentes
Distribución de puntuación
Porcentaje de gente con cada puntuación
Porcentaje por número respondido
Historial de tus puntuaciones
No has intentado esta prueba.